000 00680nam a22002177a 4500
003 0
005 20230913083302.0
008 230913b xxu||||| |||| 00| 0 eng d
020 _a978-0-323-81271-9
050 _aRT 48.6
_b.M37 2023
100 _aMartinez, Marina Reyna Kratz
245 _aAuckley & Ladwig's guide to nursing diagnosis
_cMartinez, Marina Reyna Kratz
250 _aSeventh edition
260 _aMissouri
_bElsevier
_cc2023.
300 _axi, 958 pages ;
_c19cm.
500 _aNursing diagnosis.
504 _aIncludes bibliographical references and index.
650 _aNursing diagnosis.
650 _aNursing diagnosis--method.
942 _2lcc
_cBK
999 _c365287
_d365287